<?xml version="1.0" encoding="UTF-8"?><?xml-stylesheet type="text/xsl" href="static/style.xsl"?><OAI-PMH xmlns="http://www.openarchives.org/OAI/2.0/" xmlns:xsi="http://www.w3.org/2001/XMLSchema-instance" xsi:schemaLocation="http://www.openarchives.org/OAI/2.0/ http://www.openarchives.org/OAI/2.0/OAI-PMH.xsd"><responseDate>2026-04-17T06:47:50Z</responseDate><request verb="GetRecord" identifier="oai:www.recercat.cat:2445/223477" metadataPrefix="marc">https://recercat.cat/oai/request</request><GetRecord><record><header><identifier>oai:recercat.cat:2445/223477</identifier><datestamp>2025-12-04T22:51:50Z</datestamp><setSpec>com_2072_1057</setSpec><setSpec>col_2072_478825</setSpec><setSpec>col_2072_478917</setSpec></header><metadata><record xmlns="http://www.loc.gov/MARC21/slim" xmlns:dcterms="http://purl.org/dc/terms/" xmlns:xsi="http://www.w3.org/2001/XMLSchema-instance" xmlns:doc="http://www.lyncode.com/xoai" xsi:schemaLocation="http://www.loc.gov/MARC21/slim http://www.loc.gov/standards/marcxml/schema/MARC21slim.xsd">
   <leader>00925njm 22002777a 4500</leader>
   <datafield ind2=" " ind1=" " tag="042">
      <subfield code="a">dc</subfield>
   </datafield>
   <datafield ind2=" " ind1=" " tag="720">
      <subfield code="a">Bueno i Torrens, David, 1965-</subfield>
      <subfield code="e">author</subfield>
   </datafield>
   <datafield ind2=" " ind1=" " tag="260">
      <subfield code="c">2025-10-02T14:52:41Z</subfield>
   </datafield>
   <datafield ind2=" " ind1=" " tag="260">
      <subfield code="c">2025-10-02T14:52:41Z</subfield>
   </datafield>
   <datafield ind2=" " ind1=" " tag="260">
      <subfield code="c">2025-08-16</subfield>
   </datafield>
   <datafield ind2=" " ind1=" " tag="260">
      <subfield code="c">2025-10-02T14:52:41Z</subfield>
   </datafield>
   <datafield ind2=" " ind1=" " tag="520">
      <subfield code="a">Imagineu un ordinador, una connexió a internet i el desig de contribuir a la ciència. Ara visualitzeu tot això transformant-se en dades valuosíssimes que serveixen per protegir una espècie animal única que es troba a la llista d’espècies vulnerables, les iguanes marines de les illes Galápagos. Aquest escenari és possible gràcies a la ciència ciutadana. Es tracta d'una metodologia participativa que aprofita la col·laboració d’un públic no expert per recollir, analitzar o interpretar dades científiques. A través de plataformes en línia, milers de voluntaris que no necessiten tenir cap formació prèvia específica; únicament amb la voluntat honesta de contribuir a la ciència poden participar en tasques tan diverses com identificar galàxies, monitorar abelles o, en aquest cas concret, comptar iguanes marines. La imatge és poderosa: científics i ciutadans treballant junts en temps real, impulsats per la passió compartida pel coneixement i la protecció de la biodiversitat.</subfield>
   </datafield>
   <datafield tag="653" ind2=" " ind1=" ">
      <subfield code="a">Ciència ciutadana</subfield>
   </datafield>
   <datafield tag="653" ind2=" " ind1=" ">
      <subfield code="a">Iguanes</subfield>
   </datafield>
   <datafield tag="653" ind2=" " ind1=" ">
      <subfield code="a">Citizen science</subfield>
   </datafield>
   <datafield tag="653" ind2=" " ind1=" ">
      <subfield code="a">Iguanas</subfield>
   </datafield>
   <datafield ind2="0" ind1="0" tag="245">
      <subfield code="a">Iguanes des del cel: voluntaris per conservar les Galápagos</subfield>
   </datafield>
</record></metadata></record></GetRecord></OAI-PMH>